| 000 | 00577nam a22001577a 4500 | ||
|---|---|---|---|
| 999 |
_c60871 _d60871 |
||
| 005 | 20231113124256.0 | ||
| 008 | 231113s1974 un ||||| |||| 00| 0 ukr d | ||
| 041 | _aukr | ||
| 080 | _a902.6 Л-50 | ||
| 100 |
_aЛєсков, О. _920352 |
||
| 245 |
_aСкарби курганів Херсонщини / _cО. Лєсков. |
||
| 264 |
_aКиїв : _bМистецтво, _c1974. |
||
| 300 |
_a124 стр.: _bил.; _c20 см. |
||
| 653 | _aხერსონის რეგიონის ბორცვების საგანძური | ||
| 942 |
_2udc _cᲬᲘᲒᲜᲘ |
||